Normal view
MARC view
- World Water Day March 2015
Entry Personal Name
001 - CONTROL NUMBER
- control field: 50925
003 - CONTROL NUMBER IDENTIFIER
- control field: NUST
005 - DATE AND TIME OF LATEST TRANSACTION
- control field: 20210314134841.0
008 - FIXED-LENGTH DATA ELEMENTS
- fixed length control field: 210314|| aca||aabn | a|a d
040 ## - CATALOGING SOURCE
- Original cataloging agency: NUST
- Transcribing agency: NUST
100 ## - HEADING--PERSONAL NAME
- Personal name: World Water Day March 2015
670 ## - SOURCE DATA FOUND
- Source citation: Work cat.: (NUST): World Water Day March 2015, World Water Day March 2015: On the them of "water and sustainable Development in Pakistan", Feb, 2015
